000
00345nam a2200133 a 4500
005
20140414131901.0
008
100918s19uu xx 00 eng d
050
_a
FIC
_b
C37 1998
100
_a
Charbonnet, Gabrielle
245
_a
Cinderella's castle.
260
_a
New York :
_b
Disney Press,
_c
1998.
440
_a
Disney girls
999
_c
110672
_d
110672